| 000 | 00568nam a2200241Ia 4500 | ||
|---|---|---|---|
| 005 | 20250425162213.0 | ||
| 008 | 250425s9999 xx 000 0 und d | ||
| 041 | _aspa | ||
| 043 | _aec | ||
| 082 | _a920.9866 | ||
| 100 | _aCAMPOS, FRANCISCO | ||
| 245 | 0 | _aGALERIA BIOGRAFICA: HOMBRES CELEBRES | |
| 250 | _a1A ED. | ||
| 260 |
_aEcuador _bEL TELEGRAFO _c1950 |
||
| 260 | _aGUAYAQUIL | ||
| 300 | _a109 | ||
| 650 | _aBIOGRAFIAS | ||
| 650 | _aBIOGRAFIAS | ||
| 650 | _aBIOGRAFIAS-ECUADOR | ||
| 650 | _aBIOGRAFIAS-ECUADOR | ||
| 942 | _c01 | ||
| 010 | _a56541 | ||
| 999 |
_c224451 _d224451 |
||